000 00863nam a2200205Ii 4500
003 JO-AjNU
008 230605s9999||||xx |||||||||||||| ||und||
040 _aJO-AjNU
_bara
_erda
_cJO-AjNU
041 _aara
050 1 4 _aKMM32.2.A4.1992
100 3 _aاعداد المكتب الفني بادارة ابراهيم ابو رحمة ,
_eauthor
_946538
245 0 0 _aالمبادئ القانونية لمحكمة العدل العليا : المنشورة في مجلة نقابة المحامين منذ بداية سنة 1988 وحتى نهاية سنة 1992
250 _a(د،ط)
264 3 1 _aعمان : نقابة المحامين ، 1992
300 _a568ص
336 _atext
_btxt
_2rdacontent
337 _aunmediated
_bn
_2rdamedia
338 _avolume
_bnc
_2rdacarrier
650 4 _aالاردن -- المحكمة العليا -- قوانين
_946539
999 _aA20254
_c23822
_d23822